Multiplications ... Simples ? - Statistiques

Statistiques générales
  • Ce quiz a été pris 120 fois
  • Le résultat moyen est 11 sur 16
Statistiques - réponses
Calcul Réponse % Correct
10x10 100
100%
12x11 132
91%
23x5 115
82%
3x54 162
81%
13x15 195
77%
56x20 1120
76%
11x108 1188
70%
67x11 737
70%
43x7 301
69%
87x4 348
67%
45x21 945
62%
6x560 3360
61%
65x80 5200
53%
567x30 17010
52%
45x65 2925
33%
34x57 1938
29%
Aucun quiz correspondant
Distribution des résultats
% des personnes avec chaque résultat
Percentile par nombre de réponses
Votre historique - résultats
Vous n’avez pas pris ce quiz